[Event "5th Cesme Open 2017"]
[Site "Cesme"]
[Date "2017.06.13"]
[Round "3.23"]
[White "Ersoy, Bora"]
[Black "Turkol, Efe Doruk"]
[Result "1-0"]
[WhiteElo "1675"]
[BlackElo "1378"]
[Annotator "NA RC"]
[PlyCount "93"]
[EventType "swiss"]
[EventCountry "TUR"]
[SourceTitle "playchess.com"]
[Source "ChessBase"]
[SourceQuality "1"]
[TimeControl "5400+30"]

1. d4 {[%emt 0:00:30]} Nf6 {[%emt 0:01:00]} 2. c4 {[%emt 0:00:00]} e6 {[%emt 0:00:00]} 3. Bg5 {[%emt 0:00:00]} Be7 {[%emt 0:00:00]} 4. Nc3 {[%emt 0:00:30]} b6 {[%emt 0:00:30]} 5. e4 {[%emt 0:02:30]} Bb7 {[%emt 0:03:30]} 6. Bxf6 {[%emt 0:09:30]} Bxf6 {[%emt 0:00:30]} 7. Nf3 {[%emt 0:00:30]} O-O {[%emt 0:00:30]} 8. Bd3 {[%emt 0:01:30] [%clk 1:19]} d5 {[%emt 0:04:30]} 9. e5 {[%emt 0:03:30]} Be7 {[%emt 0:00:00]} 10. Qc2 {[%emt 0:01:30]} g6 {[%emt 0:01:00]} 11. O-O-O {[%emt 0:01:30]} Na6 {[%emt 0:04:30]} 12. a3 {[%emt 0:00:30]} Rc8 {[%emt 0:01:30]} 13. cxd5 {[%emt 0:10:30]} exd5 {[%emt 0:00:30]} 14. h4 {[%emt 0:05:30]} c5 {[%emt 0:05:30]} 15. h5 {[%emt 0:15:30]} Kg7 {[%emt 0:05:30]} 16. e6 {[%emt 0:26:50]} Bg5+ {[%emt 0:11:30]} 17. Kb1 {[%emt 0:00:31]} Qf6 {[%emt 0:26:30]} 18. exf7 {[%emt 0:04:19]} cxd4 {[%emt 0:07:30]} 19. hxg6 {[%emt 0:00:27]} h6 {[%emt 0:10:22]} 20. Nxd4 {[%emt 0:00:58]} Nc5 {[%emt 0:05:01]} 21. Nf5+ {[%emt 0:02:08]} Kxg6 {[%emt 0:01:55]} 22. Nd6+ {[%emt 0:06:36]} Kg7 {[%emt 0:00:36]} 23. Nxc8 {[%emt 0:01:17]} Rxc8 {[%emt 0:00:11]} 24. Bf5 {[%emt 0:01:10]} Rd8 {[%emt 0:00:50]} 25. g4 {[%emt 0:00:36]} d4 {[%emt 0:00:53]} 26. Ne4 {[%emt 0:00:03]} Nxe4 {[%emt 0:00:10]} 27. Bxe4 {[%emt 0:00:03]} Qxf7 {[%emt 0:00:48]} 28. Bxb7 {[%emt 0:00:45]} Qxb7 {[%emt 0:00:11]} 29. Rhe1 {[%emt 0:00:20]} Qd7 {[%emt 0:01:33]} 30. Qe4 {[%emt 0:01:41]} d3 {[%emt 0:00:58]} 31. f4 {[%emt 0:01:07]} d2 {[%emt 0:02:07]} 32. Rh1 {[%emt 0:01:57]} Qxg4 {[%emt 0:01:02]} 33. Rhg1 {[%emt 0:00:54]} Qh4 {[%emt 0:00:36]} 34. Rxg5+ {[%emt 0:00:32]} hxg5 {[%emt 0:00:57]} 35. Qe7+ {[%emt 0:00:03]} Kg6 {[%emt 0:00:14]} 36. Qxd8 {[%emt 0:00:19]} Qxf4 {[%emt 0:00:09]} 37. Qxd2 {[%emt 0:00:10]} Qg3 {[%emt 0:00:30]} 38. Qd3+ {[%emt 0:00:05]} Qxd3+ {[%emt 0:00:10]} 39. Rxd3 {[%emt 0:00:03]} Kf5 {[%emt 0:00:02]} 40. Kc2 {[%emt 0:00:25]} g4 {[%emt 0:00:05]} 41. Rd8 {[%emt 0:00:11]} g3 {[%emt 0:00:11]} 42. Kc3 {[%emt 0:00:00]} Kf4 {[%emt 0:01:18]} 43. Kc4 {[%emt 0:00:15]} Kf3 {[%emt 0:00:09]} 44. Rg8 {[%emt 0:00:03]} g2 {[%emt 0:00:02]} 45. Kb5 {[%emt 0:00:05]} Kf2 {[%emt 0:00:04]} 46. Ka6 {[%emt 0:00:07]} g1=Q {[%emt 0:00:05]} 47. Kxa7 {[%emt 0:00:00]} 1-0

[Event "5th Cesme Open 2017"]
[Site "Cesme"]
[Date "2017.06.13"]
[Round "3.24"]
[White "Yildirim, Mehmet Fatih"]
[Black "Rahmani, Jamshid"]
[Result "0-1"]
[WhiteElo "1529"]
[BlackElo "1692"]
[Annotator "NA RC"]
[PlyCount "130"]
[EventType "swiss"]
[EventCountry "TUR"]
[SourceTitle "playchess.com"]
[Source "ChessBase"]
[SourceQuality "1"]
[TimeControl "5400+30"]

1. e4 {[%emt 0:00:30]} d6 {[%emt 0:01:00]} 2. d4 {[%emt 0:00:00]} Nf6 {[%emt 0:00:00]} 3. Nc3 {[%emt 0:00:00]} g6 {[%emt 0:00:00]} 4. Nf3 {[%emt 0:00:00]} Bg7 {[%emt 0:00:30]} 5. Be2 {[%emt 0:00:00]} O-O {[%emt 0:00:30]} 6. O-O {[%emt 0:00:30]} Nbd7 {[%emt 0:01:30]} 7. e5 {[%emt 0:00:00]} dxe5 {[%emt 0:00:30]} 8. dxe5 {[%emt 0:00:00]} Ng4 {[%emt 0:01:30]} 9. e6 {[%emt 0:00:30]} fxe6 {[%emt 0:00:30]} 10. Ng5 {[%emt 0:00:30]} Ndf6 {[%emt 0:01:30]} 11. Bxg4 {[%emt 0:00:30]} Qxd1 {[%emt 0:02:30]} 12. Bxd1 {[%emt 0:00:00]} Nd5 {[%emt 0:00:30]} 13. Nxd5 {[%emt 0:04:00]} exd5 {[%emt 0:00:30]} 14. c3 {[%emt 0:00:30]} e5 {[%emt 0:01:30]} 15. Nf3 {[%emt 0:00:30] [%clk 1:29]} c5 {[%emt 0:01:30]} 16. Bb3 {[%emt 0:01:30]} c4 {[%emt 0:03:30]} 17. Bd1 {[%emt 0:02:30]} Bd7 {[%emt 0:04:30]} 18. Be3 {[%emt 0:00:30]} b6 {[%emt 0:00:30]} 19. h3 {[%emt 0:03:30]} Bf5 {[%emt 0:03:30]} 20. Be2 {[%emt 0:00:30]} Rad8 {[%emt 0:04:30]} 21. Rad1 {[%emt 0:00:30]} Rd7 {[%emt 0:00:30]} 22. Rxd5 {[%emt 0:08:30]} Rxd5 {[%emt 0:01:30]} 23. Bxc4 {[%emt 0:00:30]} Rfd8 {[%emt 0:00:30]} 24. Rd1 {[%emt 0:03:30]} Be6 {[%emt 0:00:30]} 25. Bxd5 {[%emt 0:02:30]} Rxd5 {[%emt 0:00:00]} 26. Rxd5 {[%emt 0:00:30]} Bxd5 {[%emt 0:00:00]} 27. b3 {[%emt 0:00:00]} Be4 {[%emt 0:01:30]} 28. Nd2 {[%emt 0:01:00]} Bd3 {[%emt 0:01:30]} 29. f3 {[%emt 0:00:00]} Kf7 {[%emt 0:00:30]} 30. g4 {[%emt 0:01:00]} Bf6 {[%emt 0:00:30]} 31. g5 {[%emt 0:01:30]} Be7 {[%emt 0:01:30]} 32. b4 {[%emt 0:06:30]} Ke6 {[%emt 0:01:30]} 33. Ne4 {[%emt 0:01:30]} Kd5 {[%emt 0:04:30]} 34. Nd2 {[%emt 0:00:30]} b5 {[%emt 0:09:30]} 35. h4 {[%emt 0:01:30]} a6 {[%emt 0:00:30]} 36. Kf2 {[%emt 0:04:30]} Bd6 {[%emt 0:00:30]} 37. a3 {[%emt 0:03:30]} Bc7 {[%emt 0:01:30]} 38. Bc5 {[%emt 0:01:30]} a5 {[%emt 0:00:30]} 39. Ke3 {[%emt 0:00:30]} Bf5 {[%emt 0:01:30]} 40. Ba7 {[%emt 0:09:30]} a4 {[%emt 0:00:30]} 41. Bc5 {[%emt 0:01:30]} Bd8 {[%emt 0:04:30]} 42. Ba7 {[%emt 0:01:30]} h6 {[%emt 0:01:30]} 43. gxh6 {[%emt 0:10:30]} Bxh4 {[%emt 0:00:30]} 44. Ke2 {[%emt 0:00:30]} Bf6 {[%emt 0:03:30]} 45. Be3 {[%emt 0:04:30]} g5 {[%emt 0:02:30]} 46. Bc5 {[%emt 0:09:30]} g4 {[%emt 0:01:30]} 47. fxg4 {[%emt 0:02:26]} Bxg4+ {[%emt 0:00:30]} 48. Kf2 {[%emt 0:00:11]} Bf5 {[%emt 0:00:30]} 49. Kf3 {[%emt 0:06:00]} Bg6 {[%emt 0:04:30]} 50. Nf1 {[%emt 0:01:05]} e4+ {[%emt 0:00:30]} 51. Kf4 {[%emt 0:00:57]} Bxc3 {[%emt 0:01:30]} 52. Kg5 {[%emt 0:01:03]} Bh7 {[%emt 0:00:30]} 53. Ne3+ {[%emt 0:00:12]} Ke6 {[%emt 0:00:30]} 54. Ng4 {[%emt 0:01:02]} Bb2 {[%emt 0:05:30]} 55. Bf8 {[%emt 0:02:08]} Kf7 {[%emt 0:01:30]} 56. Bc5 {[%emt 0:01:54]} Bxa3 {[%emt 0:02:30]} 57. Bd4 {[%emt 0:01:30]} Bxb4 {[%emt 0:02:30]} 58. Ne5+ {[%emt 0:00:38]} Ke6 {[%emt 0:01:30]} 59. Ng6 {[%emt 0:01:13]} Bd2+ {[%emt 0:01:30]} 60. Kh5 {[%emt 0:01:10]} Bxg6+ {[%emt 0:00:30]} 61. Kxg6 {[%emt 0:00:03]} Bxh6 {[%emt 0:00:30]} 62. Kxh6 {[%emt 0:00:10]} Kd5 {[%emt 0:00:30]} 63. Be3 {[%emt 0:03:30]} a3 {[%emt 0:00:30]} 64. Bc1 {[%emt 0:00:18]} a2 {[%emt 0:00:30]} 65. Bb2 {[%emt 0:00:08]} e3 {[%emt 0:00:00]} 0-1

[Event "5th Cesme Open 2017"]
[Site "Cesme"]
[Date "2017.06.14"]
[Round "4.1"]
[White "Ulybin, Mikhail"]
[Black "Solodovnichenko, Yuri"]
[Result "1/2-1/2"]
[WhiteElo "2499"]
[BlackElo "2583"]
[Annotator "TA"]
[PlyCount "136"]
[EventType "swiss"]
[EventCountry "TUR"]
[SourceTitle "playchess.com"]
[Source "ChessBase"]
[SourceQuality "1"]

{[%evp 11,136,10,11,3,7,0,8,0,0,-30,-32,-31,-30,-31,-21,-30,22,18,2,0,0,0,0,-5,0,0,0,0,9,-8,0,-18,-7,-27,0,-23,-27,-16,-13,-22,0,0,0,-96,-99,-91,-96,-152,-139,-140,-150,-159,-180,-1124,-1124,-1035,-1031,-675,-521,-1133,-1127,-1050,-1058,-837,-211,-837,-886,-891,-849,-695,-575,-578,-509,-509,-446,-408,-329,-356,-233,-302,-225,-225,-14,-14,-14,-590,-259,-241,-11,-11,-11,-11,-11,-11,0,-11,-11,-11,0,-11,0,-14,-11,-14,-10,-14,0,-14,-14,-14,-11,-11,-11,-11,-11,-14,-14,-14,-14,-14,-14,-14,-14,-14,-14,-14,0]} 1. e4 c5 2. Nf3 d6 3. Bb5+ Nd7 4. d4 cxd4 5. Qxd4 a6 6. Bxd7+ Bxd7 7. Bg5 {B51: Sicilian: Moscow Variation (3 Bb5+) without 3...Bd7} h6 8. Bh4 Qa5+ 9. Nc3 e5 10. Qd5 Qxd5 $146 ({Predecessor:} 10... Qc7 11. Qd3 Rc8 12. O-O-O g5 13. Nd5 Qa5 14. Bg3 Qxa2 15. Nxe5 {½-½ (126) Neiksans,A (2532)-Zhigalko,S (2656) Jurmala 2013}) 11. Nxd5 {[%cal Rd5c7]} (11. exd5 $2 {perishes.} f5 $19) 11... Rc8 12. O-O-O Be6 13. Rhe1 Ne7 (13... g5 $142 14. Bg3 Bg7) 14. Bxe7 $11 Bxe7 15. Rd3 Bd8 16. Ne3 Rc6 17. Red1 Ke7 18. Nd5+ Bxd5 19. Rxd5 Bb6 20. R1d2 g6 21. Nh4 Ke6 22. g3 Rd8 23. Kd1 Rc4 24. f3 Be3 $36 {[%mdl 2048] Black has some pressure.} 25. R2d3 Bg5 26. b3 Rc6 27. c4 {[#]} (27. Ng2 $11 {remains equal.}) 27... b5 $1 $17 {[%mdl 512]} 28. cxb5 axb5 29. f4 (29. Ng2 $142) 29... Bxh4 $1 ({Much worse is} 29... exf4 $6 30. Nf3 $11) 30. gxh4 exf4 31. Rxb5 {[%mdl 4096] Endgame [#] KRR-KRR} Rdc8 $1 32. a4 $2 (32. Rbd5) 32... Rc1+ $19 33. Ke2 R8c2+ 34. Kf3 Rf1+ 35. Kg4 Rg2+ 36. Kh3 Rff2 37. Rf3 Rxh2+ 38. Kg4 {[#]} Rxh4+ $1 {[%mdl 512]} 39. Kxh4 Rxf3 {KR-KR} 40. a5 g5+ 41. Kg4 Rg3+ 42. Kh5 {intending a6.} f3 43. Rf5 d5 44. Rxd5 f2 45. Rf5 {[#]} Rh3+ $1 ({Weaker is} 45... Rxb3 46. Rxf2 Rh3+ 47. Kg4 $17) 46. Kg4 Rxb3 $2 (46... Re3 $19 47. Rxf2 Rxe4+ 48. Kh3 Re3+ 49. Kg2 Rxb3) 47. Rxf2 $11 Ra3 48. Rh2 $2 {[%mdl 8192]} (48. Kh5 $1 $11 {and White is okay.}) 48... Rxa5 (48... f6 $142 49. Rxh6 Rxa5) 49. Rxh6+ $19 Ke5 $2 (49... f6 $19 {Hoping for ...Ra4.} 50. Rh7 Ra3) 50. Kxg5 $11 {The position is equal.} Kxe4+ 51. Kg4 Rf5 52. Ra6 Rf4+ 53. Kg3 (53. Kg5 $5 {[%cal Ra6a4]} Rf5+ 54. Kg4 $11) 53... Rf3+ 54. Kg2 Rf4 (54... Rd3 {seems wilder.} 55. Rf6 Rd7 56. Kg3 Ke5 57. Rf1 f6) 55. Kg3 Rf3+ (55... Rf1 {looks sharper.} 56. Ra4+ Kf5 57. Ra5+ Ke6 58. Ra4 Kf6) 56. Kg2 Rf5 (56... Rc3 {feels hotter.} 57. Rf6 Rc7 58. Kg3 Ke5 59. Rf3 f6) 57. Ra4+ Ke3 58. Ra3+ Ke4 59. Ra4+ Ke5 60. Kg3 Rf1 61. Ra5+ Ke4 62. Ra4+ Kf5 63. Ra8 f6 64. Ra5+ Kg6 65. Ra8 Kg5 66. Rg8+ Kf5 {( -> ...Rg1+)} 67. Ra8 Re1 68. Kf3 (68. Kf2 $5 {[%cal Rf2e1]} Rc1 69. Ra3 $11) 68... Rf1+ {Precision: White = 66%, Black = 58%.} 1/2-1/2

[Event "5th Cesme Open 2017"]
[Site "Cesme"]
[Date "2017.06.14"]
[Round "4.2"]
[White "Sumets, Andrey"]
[Black "Maghalashvili, Davit"]
[Result "1-0"]
[WhiteElo "2560"]
[BlackElo "2490"]
[Annotator "TA"]
[PlyCount "77"]
[EventType "swiss"]
[EventCountry "TUR"]
[SourceTitle "playchess.com"]
[Source "ChessBase"]
[SourceQuality "1"]

{[%evp 19,77,0,0,0,29,11,33,33,35,31,39,9,12,15,15,31,38,38,37,14,16,15,14,18,27,17,39,47,39,27,17,18,114,112,105,103,114,114,130,111,179,177,157,157,224,224,243,240,243,243,236,225,340,329,546,527,785,773,754,712]} 1. d4 d5 2. c4 e6 3. Nf3 Nf6 4. g3 Be7 5. Bg2 O-O 6. Qc2 c5 7. O-O cxd4 8. Nxd4 Nc6 9. Nxc6 bxc6 10. b3 a5 11. Nc3 {E06: Closed Catalan: Early deviations} Ba6 12. Rd1 Qc8 (12... Qc7 13. Na4 Rac8 {½-½ (13) Arsovic,Z (2577)-Savic,M (2628) Belgrade 2016}) 13. Na4 {Threatens to win with Nb6.White is slightly better.} Nd7 14. Bd2 $146 ({Predecessor:} 14. Rb1 Rb8 15. Bf4 e5 16. Bd2 dxc4 17. Bxa5 cxb3 18. axb3 Nf6 19. Nb6 Qe6 20. b4 Bb5 21. Na4 e4 22. Nc3 e3 23. f4 Bc4 24. Rd4 c5 25. bxc5 {½-½ (25) Dizdarevic,E (2491)-Gavric,M (2399) Jahorina 2003}) 14... dxc4 15. Bxa5 Bb5 16. Bc3 ({Avoid the trap} 16. bxc4 $2 Bxa4 17. Qxa4 Ne5 $19) 16... cxb3 17. axb3 Qc7 18. Bd4 Bf6 19. Bxf6 Nxf6 20. Nc3 Rxa1 21. Rxa1 Qb6 22. e3 Rd8 23. Nxb5 cxb5 24. b4 Qd6 25. Rb1 Qd2 (25... Qe5 $11) 26. Qxd2 $16 Rxd2 {[%mdl 4096] Endgame KRB-KRN} 27. Bc6 Kf8 28. Bxb5 Ne4 29. Bf1 Nxf2 (29... Ra2 $16) 30. b5 $18 {[%cal Bb4b5,Bb5b6,Bb6b7][%mdl 32]} Ng4 31. b6 {[#] b7 is the strong threat.} Ne5 (31... Rd8 $16 32. b7 Rb8) 32. Bg2 Nd7 33. b7 Nb8 {Now ...Ke7 and Black clings on.} 34. Rc1 Ke7 35. Rc8 Rd8 (35... Nd7 $142 36. Bc6 Rb2 37. Bxd7 Rxb7) 36. Bf1 g5 $2 {[#]} (36... Kd7 37. Bb5+ Ke7) 37. e4 {[%cal Be3e4,Be4e5][%mdl 32] White is clearly winning.} f5 38. e5 h5 39. Kf2 {Precision: White = 66%, Black = 45%.} 1-0

[Event "5th Cesme Open 2017"]
[Site "Cesme"]
[Date "2017.06.14"]
[Round "4.3"]
[White "Sadikhov, Ulvi"]
[Black "Nevednichy, Vladislav"]
[Result "1/2-1/2"]
[WhiteElo "2483"]
[BlackElo "2533"]
[Annotator "TA"]
[PlyCount "77"]
[EventType "swiss"]
[EventCountry "TUR"]
[SourceTitle "playchess.com"]
[Source "ChessBase"]
[SourceQuality "1"]

{[%evp 18,77,29,-25,-6,0,2,-5,0,-25,-14,-12,-33,-34,-21,-43,-24,-16,-23,-16,0,0,0,0,0,-23,-10,-16,-15,-23,0,0,0,0,0,-10,-8,-11,-8,-7,-6,-10,-8,-13,-15,-12,-14,-11,0,0,0,0,0,0,0,0,0,0,0,0,0,0]} 1. e4 c5 2. Nf3 e6 3. g3 Nc6 4. Bg2 Nf6 5. d3 d5 6. Nbd2 Be7 7. O-O Qc7 8. Re1 b6 9. Nf1 dxe4 10. dxe4 (10. Bf4 $142 Qd8 11. dxe4) 10... Ba6 {C00: French: Unusual White 2nd moves} 11. Bf4 Qb7 (11... e5 12. Bg5 Rd8 13. N3d2 Bxf1 14. Bxf1 Nxe4 15. Bxe7 Rxd2 16. Qg4 Kxe7 17. Qxe4 Rd4 18. Qf5 {1-0 (59) Tkachiev,V (2639)-Cornette,M (2543) Belfort 2010}) 12. c3 (12. Ne5 $5 {[%cal Re5c6]}) 12... Rd8 13. Qc1 (13. Bd2 {seems wilder.} Nd7 14. e5 O-O 15. Qc2 h6 16. Rad1) 13... O-O 14. e5 Nd5 15. Bg5 Bd3 $146 ({Predecessor:} 15... Qc7 16. h4 Bxg5 17. Qxg5 h6 18. Qc1 {1-0 (57) Hug,W (2470)-Schauwecker,M (2355) Switzerland 1998}) 16. Ne3 Nxe3 17. Qxe3 Qc7 18. Rad1 Bg6 19. Bxe7 Nxe7 20. Ng5 h6 21. Nf3 (21. Nh3 {is interesting.} c4 22. f4 Bh5 23. Rxd8 Rxd8 24. Nf2) 21... Rd7 22. Rxd7 Qxd7 23. Qd2 Qa4 24. a3 {The position is equal.} Qb3 25. Nh4 Bh7 26. Qd7 Nd5 27. Bxd5 $1 Qxd5 28. Qxd5 exd5 $11 {[%mdl 4096] Endgame KRB-KRN} 29. f4 g5 30. fxg5 hxg5 31. Nf3 g4 32. Ng5 Re8 33. Nxh7 Kxh7 {KR-KR} 34. Rf1 Rxe5 35. Rxf7+ Kg6 36. Rxa7 Re2 37. Rd7 $1 Rxb2 38. Rxd5 Rb3 39. a4 {Precision: White = 73%, Black = 50%.} 1/2-1/2

[Event "5th Cesme Open 2017"]
[Site "Cesme"]
[Date "2017.06.14"]
[Round "4.4"]
[White "Drazic, Sinisa"]
[Black "Malakhatko, Vadim"]
[Result "1-0"]
[WhiteElo "2426"]
[BlackElo "2518"]
[Annotator "TA"]
[PlyCount "129"]
[EventType "swiss"]
[EventCountry "TUR"]
[SourceTitle "playchess.com"]
[Source "ChessBase"]
[SourceQuality "1"]

{[%evp 17,129,14,8,8,8,3,8,7,39,0,7,0,7,0,0,0,0,0,16,16,17,21,24,20,16,14,21,20,33,25,27,27,53,22,40,7,35,0,27,0,31,6,13,13,17,8,11,14,32,0,0,0,6,10,48,48,48,48,55,55,56,56,56,56,75,48,48,48,48,49,65,56,64,56,76,28,32,34,99,99,99,99,114,100,140,107,151,129,322,282,348,348,491,494,516,467,624,624,2092,2100,1718,1561,1998,9541,5612,5608,5255,3769,5119,4638,4133,2247,4631,4631]} 1. e4 c5 2. Nc3 e6 3. g3 Nc6 4. Bg2 g6 5. d3 d6 6. Nge2 Bg7 7. Be3 Nd4 8. Qd2 Qa5 9. O-O Ne7 {[%cal Bg8e7,Be7c6,Bc6d4][%mdl 32]} 10. Nxd4 {B26: Closed Sicilian: 3 g3, lines with early Be3} (10. Kh1 O-O 11. Rab1 Nxe2 12. Qxe2 Re8 13. a3 Bd7 14. Qd2 Nc6 15. Bh6 Nd4 16. Bxg7 Kxg7 17. f4 f5 18. b4 Qxa3 {0-1 (31) Kislinsky,A (2529)-Pieniazek,A (2359) Legnica 2011}) 10... cxd4 11. Ne2 $1 {[%csl LRa5,LRd4]} Qxd2 12. Bxd2 {The position is equal.} Nc6 13. c3 dxc3 14. Bxc3 Bxc3 15. Nxc3 $146 ({Predecessor:} 15. bxc3 e5 16. Rab1 b6 17. c4 Ke7 {½-½ (29) Carr,N (2295)-Howell,J (2395) Oakham 1986}) 15... Nd4 16. Rac1 Bd7 17. f4 Bc6 18. Kf2 f5 19. Rfe1 Kd7 20. Ne2 Nxe2 21. Rxe2 fxe4 22. dxe4 e5 23. Rd2 {And now fxe5 would win.} Ke7 24. Ke3 Rad8 25. b4 Rhe8 26. h4 {[%cal Bh2h4,Bh4h5][%mdl 32]} (26. a4 $5 {[%cal Rb4b5]} exf4+ 27. gxf4 Bxa4 28. Ra2 $14) 26... Kf8 27. Bf3 a6 28. a3 Ke7 29. h5 Kf6 30. Rcd1 Ke7 31. Rh1 Kf6 32. hxg6 hxg6 33. Rh7 (33. f5 $5) 33... Re7 34. Rh6 Kg7 35. Rdh2 {aiming for f5.} exf4+ 36. gxf4 Rde8 {[%cal Rc6e4]} 37. Rh7+ Kf6 {[%cal Rc6e4]} 38. Rxe7 Rxe7 $14 {[%mdl 4096] Endgame KRB-KRB} 39. Kd4 Kg7 40. Rg2 Kf7 41. Rg1 Re6 42. Rg3 Rf6 43. Rg4 Bd7 44. Rh4 Kg7 45. Be2 Rf8 46. Bd3 Be6 47. a4 Rc8 ({Better is} 47... a5 $1 $14) 48. Rh1 $16 Bf7 49. a5 Rc7 50. Rf1 Rc8 51. Rg1 Kf6 52. Rg2 Rc1 $2 {[#]} (52... Be8 $16 53. e5+ dxe5+ 54. fxe5+ Ke6) 53. Rc2 $1 $18 {[%cal Rc2c1]} Rd1 {Now ...Be8 and Black clings on.} 54. Rc7 Be8 (54... Bb3 $142 55. Ke3 (55. Rxb7 $2 Bc2 $19) 55... Re1+ 56. Kd2 Rd1+ 57. Ke3 Re1+ 58. Kd2 Rd1+ 59. Ke3) 55. Ke3 {White is clearly winning.} Bc6 {[#]} 56. Bxa6 $1 {[%mdl 512]} Re1+ (56... bxa6 57. Rxc6) 57. Kd2 Rxe4 58. Bxb7 Bxb7 59. Rxb7 Rxf4 {KR-KR} 60. a6 {[%cal Ba5a6,Ba6a7][%mdl 32]} Rf2+ 61. Ke3 Ra2 62. b5 {[%cal Bb4b5,Bb5b6][%mdl 32]} Ke5 63. a7 Ra3+ 64. Kf2 Kd5 65. b6 {Precision: White = 62%, Black = 37%.} 1-0

[Event "5th Cesme Open 2017"]
[Site "Cesme"]
[Date "2017.06.14"]
[Round "4.5"]
[White "Baklan, Vladimir"]
[Black "Rahmanov, Shahriyar"]
[Result "1-0"]
[WhiteElo "2606"]
[BlackElo "2353"]
[Annotator "TA"]
[PlyCount "63"]
[EventType "swiss"]
[EventCountry "TUR"]
[SourceTitle "playchess.com"]
[Source "ChessBase"]
[SourceQuality "1"]

{[%evp 9,63,33,64,59,68,68,78,57,48,31,26,21,4,16,78,75,87,91,74,79,96,83,69,86,96,100,117,93,128,129,155,150,156,134,242,261,271,271,271,256,264,241,435,392,397,392,631,651,1318,1272,2535,1829,1776,467,820,588]} 1. e4 d5 2. exd5 Nf6 3. Bb5+ Bd7 4. Be2 Nxd5 5. d4 g6 6. c4 {B01: Scandinavian Defence} Nf6 (6... Nb6 7. Nf3 Bg7 8. Nc3 O-O 9. c5 Nc8 10. Bf4 c6 11. Qb3 b6 12. Rd1 Be6 13. Qa3 a5 14. Ne5 b5 {1-0 (47) Lagno,K (2530)-Arakhamia Grant,K (2370) Caleta 2017}) 7. Nc3 Bg7 8. h3 {White is better.} O-O 9. Be3 c5 $146 ({Predecessor:} 9... e6 10. Bf3 Bc6 11. Qd2 Bxf3 12. Nxf3 Nbd7 13. Rd1 Re8 {1-0 (37) Lakos,N (2289)-Gyarmati,J (2032) Hungary 2014}) 10. d5 Qa5 11. Qd2 Na6 (11... e6 $11) 12. Nf3 $16 e6 13. O-O exd5 14. cxd5 Rfe8 15. Rfd1 Rac8 16. Bf1 c4 17. Bd4 b5 18. a4 b4 19. Nb5 $1 Bxb5 20. axb5 Qxb5 21. b3 (21. Bxa7 $6 Red8 $14) 21... Ne4 {[#]} (21... Nc5 $16 {was necessary.} 22. Bxc4 Qb8) 22. Qf4 $1 $18 ({Inferior is} 22. Bxc4 Qxc4 23. bxc4 Nxd2 $14) (22. bxc4 Qb7 $14) 22... Qb7 23. Bxg7 ({Resist} 23. Bxc4 $6 Nac5 $18) 23... Kxg7 24. d6 {Strongly threatening d7.} ({Much less strong is} 24. Bxc4 $6 Nac5 $18) 24... Nac5 25. Bxc4 Nf6 $2 (25... Rcd8 {is a better defense.} 26. Rd5 Nd7) 26. Ne5 Ne6 27. Qe3 Ra8 $2 (27... Nc5 28. Qd4 Qe4) 28. d7 {White is clearly winning.} Red8 {[#]} 29. Nxf7 $1 {[%mdl 512]} Rxd7 (29... Kxf7 30. Qxe6+) 30. Rxd7 Qxd7 31. Qxe6 (31. Bxe6 $142 Qe7 32. Ra6) 31... Qd4 (31... Qxe6 $142 32. Bxe6 a5) 32. Qe5 {Precision: White = 84%, Black = 38%.} 1-0

[Event "5th Cesme Open 2017"]
[Site "Cesme"]
[Date "2017.06.14"]
[Round "4.6"]
[White "Benidze, Davit"]
[Black "Bashirli, Nail"]
[Result "0-1"]
[WhiteElo "2525"]
[BlackElo "2345"]
[Annotator "TA"]
[PlyCount "95"]
[EventType "swiss"]
[EventCountry "TUR"]
[SourceTitle "playchess.com"]
[Source "ChessBase"]
[SourceQuality "1"]

{[%evp 26,95,12,0,10,0,6,4,24,11,23,-18,-13,-75,-43,-37,0,-79,-14,-27,-17,-18,-21,-17,-31,-125,-111,-89,0,-47,-52,-54,0,0,0,0,0,0,0,0,79,86,112,0,0,0,0,0,0,0,0,0,0,0,0,0,0,0,0,0,0,0,0,0,0,-8,-4,-213,-217,-262,-239,-737]} 1. Nf3 d5 2. g3 Nf6 3. Bg2 c6 4. O-O Bg4 5. d3 Nbd7 6. Nbd2 {[%cal Bb1d2,Bd2c4,Bc4a5][%mdl 32]} e5 7. h3 Bh5 8. e4 dxe4 9. dxe4 Bc5 10. Qe1 O-O 11. Nc4 Re8 {A07: Réti Opening: New York and Capablanca Systems} 12. a4 b5 (12... Qc7 13. Bd2 Nb6 14. Ba5 Bxf3 15. Bxf3 Qc8 16. Bxb6 axb6 {0-1 (47) Artemiev,V (2664)-Wang,Y (2726) Sochi 2015}) 13. Na5 Qc7 14. Nh4 {LiveBook: 12 Games} Nb6 15. b3 $146 ({Predecessor:} 15. Qc3 Nfd7 16. Nb3 b4 17. Qe1 Bf8 18. a5 Nc8 19. g4 {1-0 (59) O'Connell,C (2394)-Sykora,J (2391) ICCF email 2013}) 15... Rad8 16. Bg5 Bg6 17. Kh1 Re6 18. Nf5 h6 19. Be3 (19. Bh4 $11) 19... Bxe3 (19... Bd4 $5 20. Rd1 Bxe3 21. Rxd8+ Qxd8 22. Qxe3 bxa4 $15) 20. Qxe3 Nbd5 21. Qe1 {[#]} (21. exd5 $11 {keeps the balance.} Nxd5 22. Bxd5 cxd5 23. axb5 Bxf5 24. Nc6 Rxc6 25. bxc6 (25. Rxa7 $2 d4 $19)) 21... Bxf5 (21... b4 $1 $17 22. Nc4 Nc3) 22. exf5 $11 Ree8 $1 23. c4 bxc4 24. bxc4 Ne7 25. Rb1 ({Better is} 25. g4 $1 $15) 25... Nxf5 $17 26. Bxc6 e4 (26... Re6 $17 27. Rb7 Qc8) 27. Bxe8 Rxe8 28. Rb7 Qc8 (28... Qd6 $15 29. Qd1 (29. Rxa7 $2 e3 $19) 29... Qa6) 29. g4 $1 $11 {[%cal Rg4f5]} (29. Rxa7 $2 e3 $19) 29... Nd4 {[#] And now ...Nf3 would win.} 30. Qe3 (30. Rxa7 $2 Nxg4 31. f3 (31. hxg4 $2 Nf3 $19) 31... exf3 $19) 30... Nf3 31. Qf4 $1 {Hoping for Rfb1.} (31. Rxa7 $2 Nxg4 32. Qxf3 exf3 $19) 31... Ng5 32. Kg2 Ne6 (32... Qd8 $11 {remains equal.} 33. Rxa7 Qd3) 33. Qd6 Ng5 {...Nxh3 would now be nice for Black.} 34. Rfb1 (34. Rxa7 Nxh3 35. Qg3 (35. Kxh3 $2 Qxg4+ 36. Kh2 Qh5+ 37. Kg1 Re5 $19) 35... Ng5 $15) (34. Rc7 $16 Qb8 35. Nc6) 34... Nxh3 $1 35. Qg3 $1 ({Of course not} 35. Kxh3 Qxg4+ 36. Kh2 e3 $17) 35... Ng5 $1 36. Rb8 ({Not} 36. Rxa7 $2 e3 $19) 36... Qd7 37. Rxe8+ Nxe8 38. Rb8 {Threatening Qf4.} e3 39. Qxe3 (39. f4 $5 {[%cal Rf4g5]} e2 40. fxg5 $11) 39... Qxg4+ 40. Kf1 Qd1+ 41. Kg2 Qg4+ 42. Qg3 Qe4+ 43. Kf1 Kh7 $1 {With the idea ...Nf6.} 44. Qe3 Qh1+ 45. Ke2 Nd6 {White must now prevent ...Qh5+.} 46. Qd3+ $2 (46. Qf4 $11) 46... Nde4 $19 {[%mdl 1024] Strongly threatening ...Nh3. Black has strong compensation.} 47. Re8 f5 {aiming for ...Qh5+.} 48. Qe3 $2 {Precision: White = 37%, Black = 48%.} (48. Rxe4 fxe4 49. Qe3) 0-1